| 000 | 00615nam a2200205 a 4500 | ||
|---|---|---|---|
| 001 | 000016618 | ||
| 005 | 20200929164934.0 | ||
| 008 | 100308s1995 dr a 000 0 spa d | ||
| 040 |
_aDO-SdBNP _bspa _cBNPHU |
||
| 082 |
_a641.874 _bM868g |
||
| 100 | 1 |
_aMoronta Muñoz, Alexis _936921 |
|
| 245 | 1 | 0 |
_aGuía profesional del bar / _cAlexis Moronta. |
| 260 |
_a[Santo Domingo : _bs.n], _c1995. |
||
| 300 |
_a128 p. : _bil. ; _c22 cm. |
||
| 590 | _aInventariado, 2018/ YL | ||
| 650 | 4 |
_aBebidas alcohólicas _922080 |
|
| 650 | 4 |
_aCocteles _92215 |
|
| 650 | 4 |
_aLicores _922083 |
|
| 910 | _aValidado. Control de calidad EMS | ||
| 999 |
_c16151 _d16151 |
||